000 00398nam a2200157 i 4500
001 bg
100 1 _aJUNGMAN, Feliks.
245 0 _aJęzyk franuski :
_bpodręcznik dla lektoratów /
_cFeliks Jungman, Henryk Łebek.
250 _aWyd.4.
260 _aWarszawa,
_c1973.
700 1 _aŁEBEK, Henryk.
040 _cBPK
041 _apol
942 _cKS
008 s pl f |000 0 pol
999 _c7623
_d7623
856 _uhttp://koha.tu.koszalin.pl/cgi-bin/koha/opac-detail.pl?biblionumber=7623
_yKatalog online BPK